Marketing Dynamics: Theory and Practice. (Record no. 2719)

MARC details
005 - DATE AND TIME OF LATEST TRANSACTION
control field 20250527095341.0
020 ## - INTERNATIONAL STANDARD BOOK NUMBER
International Standard Book Number 978-81-224-1942-9
082 ## - DEWEY DECIMAL CLASSIFICATION NUMBER
Classification number 658.8 RAJ
245 ## - TITLE STATEMENT
Title Marketing Dynamics: Theory and Practice.
260 ## - PUBLICATION, DISTRIBUTION, ETC.
Place of publication, distribution, etc. New Delhi,
Name of publisher, distributor, etc. New Age International LTD,
Date of publication, distribution, etc. 2007.
300 ## - PHYSICAL DESCRIPTION
Extent xii, 414p.: ill.; figure, table
Other physical details Index
Dimensions 25cm
856 ## - ELECTRONIC LOCATION AND ACCESS
Link text Access Online Book
Electronic name Marketing
Path www.Age International LTD.
942 ## - ADDED ENTRY ELEMENTS (KOHA)
Source of classification or shelving scheme Dewey Decimal Classification
Koha item type Books
Holdings
Date last seen Total checkouts Full call number Barcode Cost, replacement price Price effective from Koha item type Lost status Source of classification or shelving scheme Damaged status Not for loan Withdrawn status Home library Current library Shelving location Date acquired Cost, normal purchase price
05/27/2025   658.8 RAJ 00000010227 38568.00 05/27/2025 Books   Dewey Decimal Classification       College of Business Education Main Library College of Business Education Main Library General Collection 07/08/2016 12856.00
05/27/2025   658.8 RAJ 00000010228 38568.00 05/27/2025 Books   Dewey Decimal Classification       College of Business Education Main Library College of Business Education Main Library General Collection 07/08/2016 12856.00
05/27/2025   658.8 RAJ 00000010229 38568.00 05/27/2025 Books   Dewey Decimal Classification       College of Business Education Main Library College of Business Education Main Library General Collection 07/08/2016 12856.00